Fantasy Shows Based on Books Quiz Stats

 Plays Quiz Updated Aug 25, 2019

Score 0/9 Timer 02:30
3 Plays Today
% Correct
Game of Thrones
96.5%
The Lion, the Witch and the Wardrobe
93.2%
True Blood
90.7%
Sleepy Hollow
81.6%
Outlander
78.3%
The Magicians
74.6%
American Gods
71.6%
Legend of the Seeker
71.3%
The Shannara Chronicles
65.9%

You're not logged in!

Compare scores with friends on all Sporcle quizzes.
OR
Log In

Sporcle TV

Today on Sporcle TV


Watch our educational content, quiz creation guides, and fun videos on Sporcle TV.

Show Comments

Extras

Top Quizzes Today


Score Distribution

Your Account Isn't Verified!

In order to create a playlist on Sporcle, you need to verify the email address you used during registration. Go to your Sporcle Settings to finish the process.

Report this User

Report this user for behavior that violates our Community Guidelines.

Details: